Piosenki Natalii Nykiel - nagła śmierć - Statystyki

Ogólne statystyki
  • Ten quiz został rozwiązany 48 razy
  • Średni wynik to 5 z 11
Answers on the Grid
Answers color-coded by a green-red scale on the quiz's grid according to % correct below.
Bądź duży
Miód malina
Janko, Janeczko
Spokój
Rysunek na szkle
Error
Małe rzeczy
Pół kroku stąd
Koń na białym rycerzu
Szarość i róż
Długość dźwięku samotności
Brzask
Total błękit
Kokosanki
Szarówka
Obiecuję Ci
Księżniczka
Niech żyje bal
Atlantyk
Nothing Else Matters
Zanim odejdziesz
Wilk
Czarne i białe
P.R.I.D.E.
 
Statystyki odpowiedzi
Odpowiedź % Poprawnych
Error
95%
Bądź duży
92%
Pół kroku stąd
58%
Spokój
47%
Brzask
45%
Kokosanki
45%
P.R.I.D.E.
42%
Total błękit
42%
Atlantyk
34%
Wilk
29%
Obiecuję Ci
18%
Nie znaleziono quizów pasujących do podanych kryteriów
Rozkład punktacji
Procent ludzi z każdym wynikiem
Percentyl według liczby udzielonych odpowiedzi
Twoja historia wyników
Nie rozwiązałeś tego quizu